Detalles MARC
| 000 -LIDER |
| fixed length control field |
01338nam a22003497a 4500 |
| 001 - NÚMERO DE CONTROL |
| Identificador de número de control |
00600 |
| 003 - IDENTIFICACDOR DE NÚMERO DE CONTROL |
| control field |
DO-SdBNP |
| 005 - DATE AND TIME OF LATEST TRANSACTION |
| control field |
20221006113718.0 |
| 008 - ELEMENTOS DE LONGITUD FIJA |
| fixed length control field |
160630b2004 sp | 00| 0 spa d |
| 020 ## - ISBN |
| International Standard Book Number |
9788489384538 |
| 040 ## - FUENTE DE CATALOGACIÓN |
| Agencia que crea de manera original el registro |
BPMSU |
| Idioma de catalogación |
spa |
| Agencia que realiza la transcripción |
BPMSU |
| 082 ## - NÚMERO DE CLASIFICACIÓN DECIMAL DE DEWEY |
| Classification number |
808.83 |
| Item number |
L967n 2003 |
| Edition number |
22 |
| 092 ## - LOCALLY ASSIGNED DEWEY DECIMAL CALL NUMBER |
| Número de clasificación |
|
| Número de ítem (Cutter) |
|
| Número de edición |
|
| 100 1# - ASIENTO PRINCIPAL -- NOMBRE PERSONAL |
| Nombre personal |
Lurie, Alison, |
| Fechas asociadas con el nombre |
1926- |
| Término de relación |
|
| 245 10 - MENCIÓN DE TITULO |
| Título |
Niños y niñas eternamente : |
| Subtítulo |
los clásicos infantiles desde Cenicienta hasta Harry Potter / |
| Mención de responsabilidad |
Alison Lurie ; traducción José Miguel Guggenheimer |
| 260 ## - PUBLICACIÓN, DISTRIBUCIÓN, ETC. (PIE DE IMPRENTA) |
| Lugar de publicación, distribución, etc |
Madrid : |
| Nombre del editor, distribuidor, etc. |
Fundación Germán Sánchez Ruipérez, |
| Fecha de publicación, distribución, etc |
2004. |
| 300 ## - DESCRIPCIÓN FÍSICA |
| Extensión |
286 p. : |
| Dimensiones |
23 cm. |
| 490 0# - MENCIÓN DE SERIES |
| Mención de serie |
El árbol de la memoria |
| 500 ## - NOTA GENERAL |
| Nota general |
Incluye índice analítico |
| 504 ## - NOTA DE BIBLIOGRAFÍA, ETC. |
| Bibliography, etc |
Bibliografías p. 263-272 |
| 534 ## - NOTA SOBRE LA VERSIÓN ORIGINAL |
| Asiento principal del original |
Título original : |
| Mención del título original |
Boys and Girls Forever. Children's classics from Cinderella to Harry Potter. |
| 590 ## - NOTA LOCAL |
| Enlace |
Inventariado, 2022/VM |
| 600 14 - ENCABEZAMIENTO DE MATERIA--NOMBRE PERSONAL |
| Nombre personal |
Andersen, Hans Christian, |
| Fechas asociadas con el nombre |
1805-1875 |
| Subdivisión temática general |
Crítica e interpretación . |
| 650 #4 - ENCABEZAMIENTO DE MATERIA--TEMÁTICO |
| Término temático o nombre geográfico como elemento de entrada |
Cuentos de aventuras |
| Subdivisión de forma |
Colecciones |
| 650 #4 - ENCABEZAMIENTO DE MATERIA--TEMÁTICO |
| Término temático o nombre geográfico como elemento de entrada |
Niños |
| Subdivisión temática general |
Libros y lectura. |
| 650 #4 - ENCABEZAMIENTO DE MATERIA--TEMÁTICO |
| Término temático o nombre geográfico como elemento de entrada |
Literatura infantil |
| Subdivisión de forma |
Colecciones de escritos. |
| 650 #4 - ENCABEZAMIENTO DE MATERIA--TEMÁTICO |
| Subdivisión temática general |
Historia y crítica. |
| Término temático o nombre geográfico como elemento de entrada |
Literatura infantil |
| 700 1# - ASIENTO SECUNDARIO -- NOMBRE PERSONAL |
| Nombre personal |
Guggenheimer, José Miguel, |
| Mención de responsabilidad |
tr. |
| 710 2# - ASIENTO SECUNDARIO -- NOMBRE CORPORATIVO |
| Nombre corporativo o de jurisdicción |
Fundación Germán Sánchez Ruipérez, |
| 910 ## - VALIDACIÓN |
| Validación |
VMateo V./Validado |
| 942 ## - ADDED ENTRY ELEMENTS (KOHA) |
| Source of classification or shelving scheme |
Dewey Decimal Classification |
| Koha item type |
Libros |